00283 2200133 4500001002100000005001500021035002000036245001800056300001200074260003000086082000800116084001200124990001300136INLIS00000000000235820250528111358 a0010-0525000650 aNamaku Hiroko a247 hlm aJakarta :bNH.Dini,c2009 a813 a813 NAM a07.13404